Authorities' roles and organizational issues in systemic bank restructuring

Saved in:
Bibliographic Details
Main Author: Nyberg, Peter
Format: Book
Language:English
Published: Washington International Monetary Fund 1997
Series:IMF Working Paper WP/97/92
Subjects:
Tags: Add Tag
No Tags, Be the first to tag this record!

MARC

LEADER 00000nam a2200000 4500
001 c100113
005 20221124073101.5
041 0 |a eng 
044 |a US 
245 1 0 |a Authorities' roles and organizational issues in systemic bank restructuring  |c Peter Nyberg 
264 1 |a Washington  |b International Monetary Fund  |c 1997 
300 |a 17 s. 
490 1 |a IMF Working Paper  |v WP/97/92 
830 0 |a IMF Working Paper  |v WP/97/92 
610 2 0 |a zmeny organizačné 
610 2 0 |a banky 
610 2 0 |a vláda 
610 2 0 |a politika 
610 2 0 |a osobnosť 
610 2 0 |a vzťah politiky a ekonomiky 
610 2 0 |a štruktúra organizačná 
610 2 0 |a autorita 
610 2 0 |a rozhodovanie 
610 2 0 |a ministerstvá 
610 2 0 |a banky centrálne 
100 1 |a Nyberg, Peter